000 00547nam a2200169 i 4500
001 bg
245 0 _aFIziceskie i chimiceskie svojstva metallow vysokoj cistoty. Trudy Meżdunar. Koll. Pariż, 12-14 oktjabrja 1959 g. /
_cPerev. s franc.
260 _aMoskwa :
_bIzdat. "Metallurgija",
_c1964.
300 _as. 342, nlb. 1 :
_brys., ilustr., tab.
500 _a[Alf. ros.].
504 _a[Zawiera bibliogr. s. 341-343].
040 _cBPK
041 _apol
080 _a621.315.592
942 _cKS
008 s pl f |000 0 pol
999 _c15004
_d15004
856 _uhttp://koha.tu.koszalin.pl/cgi-bin/koha/opac-detail.pl?biblionumber=15004
_yKatalog online BPK